Quizzes
Events
Quiz Creation
Community
Videos
Private Events
Remove Ads
Sign In
Join for FREE
Feedback
Dark Mode
Quiz Categories
Sports
Geography
Music
Movies
Television
Just For Fun
Miscellaneous
History
Literature
Language
Science
Gaming
Entertainment
Religion
Holiday
For Kids
Quiz Lab
Recent
Popular Today
Quiz Kudos Today
Editor Picks
Curator Picks
Quizzes by...
Day
Popularity
Type
Ratings
Length
Year
Community
Subscriptions
Recent Discussions
Orange Saloon
Badges
Playlists
Quests
Create
Leaderboards
Showdown
Live 5
Trivia Bingo
Activity
Puzzle Library
Sporcle Events
Private Events
Virtual Trivia
Globe League
Become a Host
Pub Owners
SporcleCon
Opinionation
Our Games
Videos
Blog
Mobile Apps
Partnerships
Remove Ads and Go Orange
Feedback
Gaming
Video Games
Board Games
Card Games
Pokémon
Mario
Nintendo
Minecraft
Console
Toys
Legend of Zelda
Gaming
Video Games
Board Games
Card Games
Pokémon
Mario
Nintendo
Minecraft
Console
Toys
Legend of Zelda
Random Quiz
Search Sporcle
×
Quiz Lab
Quiz Lab
Gaming
Video Games
Type in answers that appear in a list
Type in answers that appear in a list
Classic
Best Score? Go Orange.
Video Game Music Quiz 6 Stats
Can you name the video games by listening to their music a sixth time?
By
Capndrake
20m
48 Questions
59 Plays
59 Plays
59 Plays
Comments
Comments
Give Quiz Kudos
Give Quiz Kudos
-
- Ratings
hide this ad
More Info
Forced Order
Answers have to be entered in order
Answers have to be entered in order
Replay
Link that replays current quiz
Next Quiz
Link to next quiz in quiz playlist
You Got
0%
They Got
Avg Score
12%
Avg Friend Score
Upgrade to see
Score Distribution
Jump to the score distribution portion of the page
Score
0/48
Timer
20:00
0
Plays Today
Time
Game
% Correct
04:14-
04:29
Super Mario Land 3: Wario Land
50.8%
00:45-
00:59
Mario Party 4
40.7%
03:31-
03:52
Teenage Mutant Ninja Turtles IV: Turtles in Time
40.7%
10:54-
11:08
Xenoblade Chronicles X
39%
02:58-
03:14
Danganronpa: Trigger Happy Havoc
32.2%
00:59-
01:14
999: 9 Hours, 9 Persons, 9 Doors
25.4%
14:22-
14:52
Total Distortion
22%
00:00-
00:12
Faxanadu
20.3%
01:56-
02:10
Dance Dance Revolution: Mario Mix
20.3%
08:12-
08:26
The Binding of Isaac
20.3%
10:13-
10:29
Advance Wars: Dual Strike
20.3%
12:32-
12:51
EarthBound Zero
20.3%
04:29-
04:43
Street Fighter III: Third Strike
18.6%
11:08-
11:25
Sonic Heroes
18.6%
06:59-
07:16
Star Fox Adventures
16.9%
01:39-
01:56
Beyond Good & Evil
15.3%
11:25-
11:49
Grandia II
15.3%
02:10-
02:24
Dynasty Warriors 3
13.6%
04:43-
05:01
Trauma Center: Under the Knife 2
11.9%
05:01-
05:26
Super Paper Mario
10.2%
06:03-
06:25
Gurumin: A Monstrous Adventure
10.2%
12:51-
13:09
Yoshi's Woolly World
10.2%
01:14-
01:39
D4: Dark Dreams Don't Die
8.5%
07:16-
07:41
Melty Blood Actress Again
8.5%
Time
Game
% Correct
08:44-
09:10
Deadly Premonition
8.5%
14:02-
14:22
Resident Evil
8.5%
00:29-
00:45
Tokyo Mirage Sessions ♯FE
6.8%
02:24-
02:43
The Legend of Heroes: Trails in the Sky SC
6.8%
09:56-
10:13
Yōkai Dōchūki
6.8%
03:52-
04:14
Mario vs. Donkey Kong
5.1%
06:44-
06:59
Star Soldier
5.1%
07:41-
07:59
The Legend of Zelda: Twilight Princess
5.1%
10:29-
10:54
Dynasty Warriors 8
5.1%
13:09-
13:23
Angry Video Game Nerd Adventures
5.1%
00:12-
00:29
Unholy Heights
3.4%
02:43-
02:58
Famicom Tantei Club Part II
3.4%
03:14-
03:31
Double Dragon III: The Rosetta Stone
3.4%
05:26-
05:45
The House of the Dead 4
3.4%
05:45-
06:03
Mario Kart Arcade GP 2
3.4%
06:25-
06:44
Brandish 3: Spirit of Balcan
3.4%
07:59-
08:12
Ai Cho Aniki
3.4%
12:10-
12:32
Hyperdimension Neptunia Re;Birth
3.4%
13:23-
13:43
The Legend of Heroes: Zero no Kiseki
3.4%
13:43-
14:02
Chew Man Fu
3.4%
08:26-
08:44
The Legend of Dark Witch
1.7%
09:10-
09:32
Fragile Dreams: Farewell Ruins of the Moon
1.7%
09:32-
09:56
Cleopatra Fortune
1.7%
11:49-
12:10
Dragon Slayer II: Xanadu
1.7%
Quiz Playlist
Details
Report
Send in Message
Add To Playlist
More Info:
You can find the music here: https://soundcloud.com/capndrake/video-game-music-quiz-medley-6
Classic:
Type in answers that appear in a list
Forced Order:
Answers have to be entered in order
Quiz Source
Last Updated: Jun 16, 2017
Quiz Scoreboard
CHALLENGE
Sign Up to Join the Scoreboard
Show All
Scores
Hide
Comments
May contain spoilers
Recently Published
TV Characters by Other Roles V
by ghcgh
Television
5m
Decade Duel: World Leaders
by jenniferyan
History
4m
Alphabetical 'K' Countries by Flag Minefield
by ylime102
Geography
3m
More to Explore
Quiz From the Vault
Featured Blog Post
15 Basketball Trivia Facts You Can Be March Mad About
hide this ad
You Might Also Like...
Tags
Video Games Quiz
Audio Quiz
Music Tracks
Today's Top Quizzes in Gaming
Browse Gaming
hide this ad
Today's Top Quizzes in Video Games
Browse Video Games
Top Contributed Quizzes in Gaming
1
Pokémon Gen IV Logic Puzzle (HARD)
2
HARD Pokemon Logic Puzzle
3
Genshin Impact Logic Puzzle
4
Honkai: Star Rail Technique Names Quiz
5
Rainbow Six Siege Operators by Picture
6
Order Genshin Impact characters by release date!
7
The Slinky Quiz
8
Magic: the Gathering Set Symbols - LCI
9
Mega Man or Metal Gear
10
Honkai Star Rail Feet v1.6
Explore More
Trending Topics
Disney
Crossword
Kpop
Marvel
Harry Potter
Anime
NBA
NFL
The Office
Pokémon
WWE
Country
Puzzle
Song
Soccer
hide this ad
More By:
Capndrake
Quiz
Plays
Rating
Category
Featured
Created
Video Game Music Quiz
146
4.20
Gaming
Feb 2, 2014
Video Game Music Quiz 5
79
3.50
Gaming
Oct 8, 2015
Video Game Music Quiz 10
67
2.00
Gaming
May 30, 2018
Video Game Music Quiz 9
64
2.00
Gaming
Mar 7, 2017
Video Game Music Quiz 2
61
5.00
Gaming
Mar 17, 2014
Go to Creator's Profile
Score Distribution
Quiz Creator Spotlight
Capndrake
Follow
Send a Message
Quizzes Created
-
Created Quiz Play Count
-
More By This Creator
Popular Quizzes Today
1
Countries of Asia Without Outlines Minefield
2
Find the US States - No Outlines Minefield
3
Pick 6: Fruits
4
The Countries of the World
5
Alphabetical 'K' Countries by Flag Minefield
6
Find the Countries of Europe - No Outlines Minefield
7
US States
8
Find the US States
More Gaming Quizzes
Pokémon Silhouettes - Gen. VI
Published
Trending Quizzes
Pick 6: Mountains
Pick 6: Harry Potter
Pick 6: Flags
Pick 6: NFL Teams
Pick 6: Movie Franchises
Recently Updated
Adaptations: Name the Title
pecheneg
NWSL Teams
pecheneg
Women's Final Four Teams by Year
bhenderson79
Presidents Quartet II
eogle
Anything But Clue(do)
eogle
Anything But Oceanian Capitals
eogle
Anything But 7
eogle
Anything But Thing
eogle
Word Ladder: February 29
pecheneg
Song Title Questions
pecheneg
Trending Topics
Harry Potter
Marvel
Anime
NBA
Crossword
Kpop
Disney
Country
The Office
Soccer
Song
NFL
WWE
Puzzle
Pokémon
Your Account Isn't Verified!
In order to create a playlist on Sporcle, you need to verify the email address you used during registration. Go to your
Sporcle Settings
to finish the process.
Report this User
Report this user for behavior that violates our
Community Guidelines
.
Details:
Send Report
Go to the Sporcle.com Mobile Site →
Comments